|
|
|
|
| LEADER |
00000cam a2200000 7i4500 |
| 001 |
0000140656 |
| 005 |
20131107.0 |
| 020 |
|
|
|a 9789881815422
|
| 090 |
0 |
0 |
|a 951
|b SAN
|
| 100 |
1 |
|
|a Sandhaus, Derek
|
| 245 |
1 |
0 |
|a Tales of old Peking :
|b words and images taking you inside the walls of China's tumultuous capital
|c Derek Sandhaus
|
| 260 |
|
|
|a Hong Kong :
|b China Economic Review Publishing (HK) Limited ,
|c 2009
|
| 300 |
|
|
|a 179p. ;
|c 21cm.
|
| 651 |
|
0 |
|a Beijing (China)
|x Description and travel
|
| 651 |
|
0 |
|a Beijing (China)
|x History
|
| 651 |
|
0 |
|a Beijing (China)
|x Social life and customs
|
| 999 |
|
|
|a 00238458
|b BUKU
|c PINJAMAN
|e PERPUSTAKAAN KOMUNITI PETALING JAYA
|